[Event "Winnipeg TNT August op"]
[Site "Winnipeg CAN"]
[Date "2008.08.05"]
[Round "1"]
[White "Letain, Cory"]
[Black "Bince, Rolando"]
[Result "0-1"]
[WhiteElo "1509"]
[BlackElo "1936"]
[PlyCount "58"]
[GameId "2160767910336817"]
[EventDate "2008.08.05"]
[EventType "swiss"]
[EventRounds "4"]
[EventCountry "CAN"]
[SourceTitle "EXT 2011"]
[Source "ChessBase"]
[SourceDate "2011.11.26"]
[SourceVersion "1"]
[SourceVersionDate "2011.11.26"]
[SourceQuality "1"]

1. d4 f5 2. c4 Nf6 3. Nc3 e6 4. Nf3 Be7 5. e3 O-O 6. Bd3 d5 7. cxd5 exd5 8. O-O c6 9. Ne5 Na6 10. Bxa6 bxa6 11. Nxc6 Qd6 12. Nxe7+ Qxe7 13. Qe2 Qd6 14. f3 Re8 15. Na4 Bd7 16. Qc2 Rac8 17. Nc5 Bb5 18. Rf2 g6 19. a4 Bd7 20. b4 Rc6 21. b5 axb5 22. axb5 Rc7 23. Ba3 Rxe3 24. Nxd7 Rxa3 25. Nxf6+ Qxf6 26. Qb2 Rac3 27. Rd2 Qe6 28. Re2 Qb6 29. Ra6 Qxd4+ 0-1

[Event "Winnipeg TNT August op"]
[Site "Winnipeg CAN"]
[Date "2008.08.05"]
[Round "1"]
[White "Nikouline, Alexandre"]
[Black "Goodman, Clifford"]
[Result "1-0"]
[WhiteElo "2088"]
[BlackElo "1654"]
[PlyCount "45"]
[GameId "2160767910336818"]
[EventDate "2008.08.05"]
[EventType "swiss"]
[EventRounds "4"]
[EventCountry "CAN"]
[SourceTitle "EXT 2011"]
[Source "ChessBase"]
[SourceDate "2011.11.26"]
[SourceVersion "1"]
[SourceVersionDate "2011.11.26"]
[SourceQuality "1"]

1. e4 g6 2. d4 Bg7 3. Nc3 c6 4. Be3 d5 5. e5 h5 6. Bd3 Nh6 7. Nce2 Bf5 8. Bxh6 Bxh6 9. Bxf5 gxf5 10. Nh3 e6 11. Nef4 Qa5+ 12. c3 c5 13. O-O Nd7 14. b4 cxb4 15. cxb4 Qxb4 16. Rb1 Qc4 17. Rxb7 Nb6 18. Qxh5 O-O-O 19. Rxa7 Bxf4 20. Qxf7 Bxh2+ 21. Kxh2 Rde8 22. Qb7+ Kd8 23. Qxb6+ 1-0

[Event "Winnipeg TNT August op"]
[Site "Winnipeg CAN"]
[Date "2008.08.05"]
[Round "1"]
[White "Oberton, Daniel"]
[Black "Wasserman, Leor"]
[Result "1-0"]
[WhiteElo "1928"]
[BlackElo "1459"]
[PlyCount "67"]
[GameId "2160767910336819"]
[EventDate "2008.08.05"]
[EventType "swiss"]
[EventRounds "4"]
[EventCountry "CAN"]
[SourceTitle "EXT 2011"]
[Source "ChessBase"]
[SourceDate "2011.11.26"]
[SourceVersion "1"]
[SourceVersionDate "2011.11.26"]
[SourceQuality "1"]

1. e4 c5 2. Nf3 d6 3. d4 cxd4 4. Nxd4 Nf6 5. Nc3 a6 6. Be2 e6 7. g4 Nc6 8. Be3 Be7 9. f3 O-O 10. Qd2 Bd7 11. O-O-O Qc7 12. g5 Ne8 13. h4 b5 14. Bd3 Ne5 15. Rdg1 Nc4 16. Bxc4 Qxc4 17. Kb1 b4 18. Nce2 a5 19. h5 e5 20. Nf5 Bxf5 21. exf5 a4 22. g6 b3 23. gxh7+ Kxh7 24. cxb3 axb3 25. a3 d5 26. h6 g6 27. Rg4 d4 28. fxg6+ fxg6 29. Bg5 Bxg5 30. Rxg5 Qd5 31. Qd3 Rxf3 32. Qxg6+ Kh8 33. h7 Nd6 34. Qg7# 1-0

[Event "Winnipeg TNT August op"]
[Site "Winnipeg CAN"]
[Date "2008.08.05"]
[Round "1"]
[White "Pang, Michael"]
[Black "Khedkar, Jay S"]
[Result "0-1"]
[WhiteElo "1436"]
[BlackElo "1911"]
[PlyCount "80"]
[GameId "2160767910336820"]
[EventDate "2008.08.05"]
[EventType "swiss"]
[EventRounds "4"]
[EventCountry "CAN"]
[SourceTitle "EXT 2011"]
[Source "ChessBase"]
[SourceDate "2011.11.26"]
[SourceVersion "1"]
[SourceVersionDate "2011.11.26"]
[SourceQuality "1"]

1. e4 e6 2. d4 d5 3. e5 c5 4. c3 Nc6 5. Nf3 Qb6 6. b3 cxd4 7. cxd4 Bb4+ 8. Bd2 Nxd4 9. Bxb4 Qxb4+ 10. Nbd2 Bd7 11. Rc1 Ne7 12. Nxd4 Qxd4 13. Nf3 Qxd1+ 14. Rxd1 Rc8 15. Bd3 Nc6 16. O-O Ke7 17. Rd2 Nb4 18. Bb1 Rc3 19. Rfd1 Rhc8 20. h3 Rc1 21. Nd4 h6 22. f4 g6 23. g4 a6 24. f5 gxf5 25. gxf5 Rxd1+ 26. Rxd1 exf5 27. Nxf5+ Bxf5 28. Bxf5 Rg8+ 29. Kh2 Rg5 30. Bc8 Rxe5 31. a3 Nc2 32. Bxb7 a5 33. Bxd5 Ne3 34. Re1 Ng4+ 35. hxg4 Rxe1 36. Bc4 Re3 37. Kg2 Rc3 38. Kf2 a4 39. Ke2 axb3 40. Bd3 b2 0-1

[Event "Winnipeg TNT August op"]
[Site "Winnipeg CAN"]
[Date "2008.08.05"]
[Round "1"]
[White "Rutter, Blair"]
[Black "Mandusic, Ante"]
[Result "1-0"]
[WhiteElo "1875"]
[BlackElo "1301"]
[PlyCount "51"]
[GameId "2160767910336821"]
[EventDate "2008.08.05"]
[EventType "swiss"]
[EventRounds "4"]
[EventCountry "CAN"]
[SourceTitle "EXT 2011"]
[Source "ChessBase"]
[SourceDate "2011.11.26"]
[SourceVersion "1"]
[SourceVersionDate "2011.11.26"]
[SourceQuality "1"]

1. c4 e5 2. g3 d6 3. Nc3 Nf6 4. Bg2 Nc6 5. e4 Be7 6. Nge2 O-O 7. O-O Be6 8. d3 Na5 9. b4 Nc6 10. a3 b6 11. h3 a5 12. b5 Nb8 13. Kh2 c5 14. Be3 h6 15. Qd2 Kh7 16. f4 Nfd7 17. f5 Bxc4 18. dxc4 f6 19. Nd5 Rg8 20. Bf3 Bf8 21. Bh5 g5 22. fxg6+ Kg7 23. Bxh6+ Kh8 24. Bxf8 Nxf8 25. Qh6+ Nh7 26. Qxh7# 1-0

[Event "Winnipeg TNT August op"]
[Site "Winnipeg CAN"]
[Date "2008.08.05"]
[Round "1"]
[White "Wasserman, Arie"]
[Black "Mundwiler, Les"]
[Result "0-1"]
[WhiteElo "1653"]
[BlackElo "1989"]
[PlyCount "64"]
[GameId "2160767910336822"]
[EventDate "2008.08.05"]
[EventType "swiss"]
[EventRounds "4"]
[EventCountry "CAN"]
[SourceTitle "EXT 2011"]
[Source "ChessBase"]
[SourceDate "2011.11.26"]
[SourceVersion "1"]
[SourceVersionDate "2011.11.26"]
[SourceQuality "1"]

1. e4 e5 2. Nf3 Nc6 3. Nc3 a6 4. a3 Bd6 5. Bc4 h6 6. d3 Nge7 7. Nh4 O-O 8. Qg4 Kh7 9. Nf5 Nxf5 10. Qxf5+ Kg8 11. Qg4 Nd4 12. Kd1 Kh7 13. Nd5 c6 14. Ne3 Be7 15. Nf5 g6 16. Nxe7 Qxe7 17. Qh3 h5 18. Qe3 Qf6 19. c3 d5 20. exd5 Nf5 21. Qf3 b5 22. Ba2 Qd6 23. dxc6 Ne7 24. h3 Bf5 25. Ke2 Rad8 26. Bb1 Be6 27. g4 Bd5 28. Qe3 Bxh1 29. Qh6+ Kg8 30. gxh5 Nf5 31. Qg5 e4 32. d4 Bf3+ 0-1

[Event "Winnipeg TNT August op"]
[Site "Winnipeg CAN"]
[Date "2008.08.12"]
[Round "2"]
[White "Babb, Jeff"]
[Black "Oberton, Daniel"]
[Result "1/2-1/2"]
[WhiteElo "2131"]
[BlackElo "1928"]
[PlyCount "127"]
[GameId "2160767910336824"]
[EventDate "2008.08.05"]
[EventType "swiss"]
[EventRounds "4"]
[EventCountry "CAN"]
[SourceTitle "EXT 2011"]
[Source "ChessBase"]
[SourceDate "2011.11.26"]
[SourceVersion "1"]
[SourceVersionDate "2011.11.26"]
[SourceQuality "1"]

1. e4 c5 2. Nc3 d6 3. g3 Nf6 4. Bg2 Nc6 5. d3 g6 6. Be3 Ng4 7. Bd2 Bg7 8. h3 Nf6 9. f4 O-O 10. Nf3 Rb8 11. Nh4 Bd7 12. O-O b5 13. Qe1 Nd4 14. Rc1 Bc6 15. g4 Nd7 16. Nd5 b4 17. c3 bxc3 18. bxc3 Nb5 19. g5 e6 20. Ne3 f5 21. gxf6 Bxf6 22. Nf3 d5 23. Ng4 dxe4 24. dxe4 Bg7 25. Ng5 Qe7 26. Qh4 h5 27. Ne3 Bf6 28. Qg3 Bxg5 29. fxg5 Qd6 30. Be1 Rxf1+ 31. Nxf1 Nb6 32. Qxd6 Nxd6 33. Bg3 Nbc4 34. Rd1 Rd8 35. Bf2 Rc8 36. Bxc5 Nxe4 37. Bxe4 Bxe4 38. Bxa7 Ne5 39. Nd2 Nf3+ 40. Nxf3 Bxf3 41. Rd3 Bd5 42. a3 Kf7 43. Kf2 Rc7 44. Bd4 Rb7 45. Ke3 Rb3 46. Kf4 Rxa3 47. Rd2 Ra1 48. Ke5 Re1+ 49. Kd6 Rf1 50. Rb2 Rf3 51. h4 Rf4 52. Rh2 Bc4 53. Kc5 Bd5 54. c4 Bb7 55. Be5 Rf5 56. Kd6 Be4 57. Ra2 Bd3 58. Ra7+ Ke8 59. Re7+ Kf8 60. c5 Rxe5 61. Rxe6 Rxe6+ 62. Kxe6 Kg7 63. c6 Bf5+ 64. Ke7 1/2-1/2

[Event "Winnipeg TNT August op"]
[Site "Winnipeg CAN"]
[Date "2008.08.12"]
[Round "2"]
[White "Bince, Rolando"]
[Black "Wiebe, Daniel"]
[Result "0-1"]
[WhiteElo "1936"]
[BlackElo "1790"]
[PlyCount "103"]
[GameId "2160767910336825"]
[EventDate "2008.08.05"]
[EventType "swiss"]
[EventRounds "4"]
[EventCountry "CAN"]
[SourceTitle "EXT 2011"]
[Source "ChessBase"]
[SourceDate "2011.11.26"]
[SourceVersion "1"]
[SourceVersionDate "2011.11.26"]
[SourceQuality "1"]

1. e4 c5 2. Nf3 d6 3. d4 cxd4 4. Nxd4 Nf6 5. Nc3 a6 6. Bg5 e6 7. Be2 Be7 8. Qd2 Nbd7 9. f4 b5 10. Nc6 Qc7 11. Nxe7 Kxe7 12. O-O Re8 13. Rad1 Bb7 14. Bf3 Rad8 15. a3 Nb6 16. Qf2 Kf8 17. Bxf6 gxf6 18. Qh4 Kg7 19. Be2 Qe7 20. Rf3 f5 21. Rg3+ Kh8 22. Qh6 Rg8 23. Bd3 Rxg3 24. hxg3 Rg8 25. Kh2 Rg6 26. Qh5 Qf6 27. Qf3 Rh6+ 28. Kg1 Qd4+ 29. Kf1 Rh1+ 30. Ke2 fxe4 31. Nxe4 Rxd1 32. Kxd1 Nc4 33. c3 Nxb2+ 34. Kc2 Qxd3+ 35. Qxd3 Nxd3 36. Kxd3 Bxe4+ 37. Kxe4 h5 38. f5 Kg7 39. fxe6 fxe6 40. Kf4 Kg6 41. g4 e5+ 42. Kg3 hxg4 43. Kxg4 d5 44. Kf3 Kf5 45. Ke3 Kg4 46. Ke2 Kg3 47. Kf1 a5 48. Kg1 d4 49. cxd4 exd4 50. Kf1 b4 51. axb4 axb4 52. Ke2 0-1

[Event "Winnipeg TNT August op"]
[Site "Winnipeg CAN"]
[Date "2008.08.12"]
[Round "2"]
[White "Einarsson, Ken"]
[Black "Green, Leah"]
[Result "1-0"]
[WhiteElo "1679"]
[BlackElo "1187"]
[PlyCount "41"]
[GameId "2160767910336826"]
[EventDate "2008.08.05"]
[EventType "swiss"]
[EventRounds "4"]
[EventCountry "CAN"]
[SourceTitle "EXT 2011"]
[Source "ChessBase"]
[SourceDate "2011.11.26"]
[SourceVersion "1"]
[SourceVersionDate "2011.11.26"]
[SourceQuality "1"]

1. d4 d5 2. c4 e6 3. Nc3 Nf6 4. e3 Bb4 5. Bd2 Nc6 6. Nf3 Bd7 7. Be2 Qe7 8. O-O O-O-O 9. cxd5 exd5 10. a3 Bxc3 11. Bxc3 Ne4 12. Rc1 Bg4 13. Bb5 Bxf3 14. Qxf3 Ng5 15. Qd1 Nb8 16. Bb4 Qf6 17. Rc2 a6 18. Ba4 h5 19. Qe2 h4 20. Ba5 h3 21. Rxc7# 1-0

[Event "Winnipeg TNT August op"]
[Site "Winnipeg CAN"]
[Date "2008.08.12"]
[Round "2"]
[White "Evans, Brian"]
[Black "Pang, Michael"]
[Result "1-0"]
[WhiteElo "1516"]
[BlackElo "1436"]
[PlyCount "107"]
[GameId "2160767910336827"]
[EventDate "2008.08.05"]
[EventType "swiss"]
[EventRounds "4"]
[EventCountry "CAN"]
[SourceTitle "EXT 2011"]
[Source "ChessBase"]
[SourceDate "2011.11.26"]
[SourceVersion "1"]
[SourceVersionDate "2011.11.26"]
[SourceQuality "1"]

1. e4 c5 2. Nf3 d6 3. d4 cxd4 4. Nxd4 Nf6 5. Nc3 a6 6. Bd3 g6 7. Be3 Bg7 8. Qd2 Ng4 9. f3 Nxe3 10. Qxe3 Nc6 11. Nde2 O-O 12. O-O-O Ne5 13. g4 Nxd3+ 14. Rxd3 Be6 15. h4 Bc4 16. Rd2 Qa5 17. Kb1 b5 18. b3 b4 19. Na4 Bxe2 20. Qxe2 Qe5 21. c3 Rfc8 22. Rd5 Qf6 23. g5 Qf4 24. Nb6 e6 25. Ra5 bxc3 26. Nxc8 Rxc8 27. Kc2 Qd2+ 28. Qxd2 cxd2+ 29. Kb1 Rc6 30. Rd1 Ba1 31. Ra4 Bc3 32. Rc4 Rxc4 33. bxc4 Bb4 34. Kc2 Kf8 35. Rb1 Ba5 36. Rb8+ Ke7 37. Ra8 Kd7 38. Rxa6 Bb4 39. a3 Bc5 40. Kxd2 Bf2 41. a4 Bxh4 42. Ra7+ Ke8 43. f4 e5 44. fxe5 Bxg5+ 45. Ke2 dxe5 46. a5 h5 47. Rb7 h4 48. Kf3 Bd8 49. a6 g5 50. Kg4 f6 51. Rb8 Ke7 52. Rxd8 Ke6 53. Rd5 Ke7 54. a7 1-0

[Event "Winnipeg TNT August op"]
[Site "Winnipeg CAN"]
[Date "2008.08.12"]
[Round "2"]
[White "Greenberg, Harley"]
[Black "Wood, Nathaniel"]
[Result "1-0"]
[WhiteElo "1709"]
[BlackElo "1569"]
[PlyCount "47"]
[GameId "2160767910336828"]
[EventDate "2008.08.05"]
[EventType "swiss"]
[EventRounds "4"]
[EventCountry "CAN"]
[SourceTitle "EXT 2011"]
[Source "ChessBase"]
[SourceDate "2011.11.26"]
[SourceVersion "1"]
[SourceVersionDate "2011.11.26"]
[SourceQuality "1"]

1. d4 Nf6 2. c4 e6 3. Nf3 b6 4. g3 Ba6 5. Qc2 Bb4+ 6. Nbd2 d5 7. Qa4+ b5 8. Qxb4 bxc4 9. Bg2 Nbd7 10. O-O c6 11. Re1 Qc7 12. e4 Rb8 13. Qa3 Rb6 14. Ne5 Nxe5 15. dxe5 Qxe5 16. Nf3 Qh5 17. exd5 cxd5 18. Be3 Rc6 19. Qa4 Bb7 20. Qxa7 Bc8 21. Qa8 Kd7 22. Bf4 Ra6 23. Ne5+ Kd8 24. Nc6+ 1-0

[Event "Winnipeg TNT August op"]
[Site "Winnipeg CAN"]
[Date "2008.08.12"]
[Round "2"]
[White "Khedkar, Jay S"]
[Black "Nikouline, Alexandre"]
[Result "0-1"]
[WhiteElo "1911"]
[BlackElo "2088"]
[PlyCount "100"]
[GameId "2160767910336829"]
[EventDate "2008.08.05"]
[EventType "swiss"]
[EventRounds "4"]
[EventCountry "CAN"]
[SourceTitle "EXT 2011"]
[Source "ChessBase"]
[SourceDate "2011.11.26"]
[SourceVersion "1"]
[SourceVersionDate "2011.11.26"]
[SourceQuality "1"]

1. e4 c5 2. Nf3 Nc6 3. d4 cxd4 4. Nxd4 Nf6 5. Nc3 e5 6. Ndb5 d6 7. Nd5 Nxd5 8. exd5 Nb8 9. c4 Be7 10. Bd3 O-O 11. O-O f5 12. f4 Qb6+ 13. Kh1 e4 14. Bc2 Bd7 15. Qe2 Qd8 16. Nd4 Na6 17. Be3 Rc8 18. Rac1 Nc7 19. Bb3 Kh8 20. Rfd1 Bf6 21. Qf2 Qe7 22. c5 Ne8 23. Ne6 Bxe6 24. dxe6 d5 25. Rxd5 Qxe6 26. Rd8 Qc6 27. Bd5 Qc7 28. Rxc8 Qxc8 29. c6 b6 30. Bxb6 axb6 31. Qxb6 Qc7 32. Qf2 Nd6 33. b4 Ra8 34. Qc5 Bb2 35. Rd1 Re8 36. b5 Nc8 37. Be6 Qxf4 38. Qxf5 Qxf5 39. Bxf5 e3 40. Bxc8 e2 41. Re1 Rf8 42. g3 Rf1+ 43. Kg2 Rxe1 44. Kf2 Bc3 45. Bg4 Ba5 46. Bxe2 Ra1 47. Bc4 Rc1 48. Bb3 Rc5 49. a4 g5 50. Ke2 Kg7 0-1

[Event "Winnipeg TNT August op"]
[Site "Winnipeg CAN"]
[Date "2008.08.12"]
[Round "2"]
[White "Mandusic, Ante"]
[Black "Wasserman, Arie"]
[Result "0-1"]
[WhiteElo "1301"]
[BlackElo "1653"]
[PlyCount "48"]
[GameId "2160767910336830"]
[EventDate "2008.08.05"]
[EventType "swiss"]
[EventRounds "4"]
[EventCountry "CAN"]
[SourceTitle "EXT 2011"]
[Source "ChessBase"]
[SourceDate "2011.11.26"]
[SourceVersion "1"]
[SourceVersionDate "2011.11.26"]
[SourceQuality "1"]

1. Nf3 Nc6 2. g3 e5 3. d3 Bc5 4. Bg2 d6 5. O-O Nf6 6. e4 Bg4 7. Bg5 h6 8. Bxf6 Qxf6 9. h3 Bh5 10. Nc3 O-O-O 11. Nd5 Qe6 12. Qd2 g5 13. g4 Bg6 14. b4 Bd4 15. c3 Bb6 16. b5 Ne7 17. d4 h5 18. Nxe7+ Qxe7 19. d5 hxg4 20. hxg4 Bxe4 21. Qxg5 f6 22. Qd2 Qh7 23. Rae1 Bxf3 24. Bxf3 Qh2# 0-1

[Event "Winnipeg TNT August op"]
[Site "Winnipeg CAN"]
[Date "2008.08.12"]
[Round "2"]
[White "Mundwiler, Les"]
[Black "Rutter, Blair"]
[Result "1-0"]
[WhiteElo "1989"]
[BlackElo "1875"]
[PlyCount "61"]
[GameId "2160767910336831"]
[EventDate "2008.08.05"]
[EventType "swiss"]
[EventRounds "4"]
[EventCountry "CAN"]
[SourceTitle "EXT 2011"]
[Source "ChessBase"]
[SourceDate "2011.11.26"]
[SourceVersion "1"]
[SourceVersionDate "2011.11.26"]
[SourceQuality "1"]

1. e4 e6 2. d4 d5 3. Nd2 Nf6 4. Bd3 c5 5. dxc5 Bxc5 6. Qe2 O-O 7. Ngf3 Nc6 8. e5 Nd7 9. Nb3 Be7 10. h4 f6 11. Ng5 fxg5 12. Bxh7+ Kxh7 13. Qh5+ Kg8 14. hxg5 Ndxe5 15. f4 Qb6 16. Bd2 Bb4 17. O-O-O Bxd2+ 18. Nxd2 Bd7 19. fxe5 Nxe5 20. Qh7+ Kf7 21. Rdf1+ Ke7 22. Qxg7+ Nf7 23. g6 Kd6 24. Rxf7 Rfd8 25. Qf6 Qe3 26. g7 Qg3 27. Rf8 Qxg2 28. Rf1 Kc7 29. Rxd8 Rxd8 30. Qxd8+ Kxd8 31. Rf8+ 1-0

[Event "Winnipeg TNT August op"]
[Site "Winnipeg CAN"]
[Date "2008.08.12"]
[Round "2"]
[White "Swift, Ryne"]
[Black "Green, Jim"]
[Result "1/2-1/2"]
[WhiteElo "1425"]
[BlackElo "1704"]
[PlyCount "125"]
[GameId "2160767910336832"]
[EventDate "2008.08.05"]
[EventType "swiss"]
[EventRounds "4"]
[EventCountry "CAN"]
[SourceTitle "EXT 2011"]
[Source "ChessBase"]
[SourceDate "2011.11.26"]
[SourceVersion "1"]
[SourceVersionDate "2011.11.26"]
[SourceQuality "1"]

1. e4 d6 2. d4 Nf6 3. Nc3 c6 4. Nf3 Bg4 5. Be2 Nbd7 6. h3 Bxf3 7. Bxf3 e5 8. Be3 Be7 9. O-O O-O 10. Qd2 b5 11. a3 a6 12. Be2 Re8 13. Rfe1 Bf8 14. f3 Qc7 15. Red1 Rad8 16. Rac1 Be7 17. d5 c5 18. Nb1 Nb6 19. c3 Rf8 20. b3 c4 21. b4 Ne8 22. Rf1 f5 23. Rf2 f4 24. Bxb6 Qxb6 25. Bd1 Bh4 26. Kf1 Bxf2 27. Qxf2 Qxf2+ 28. Kxf2 Ra8 29. Be2 a5 30. Bf1 axb4 31. cxb4 Nf6 32. Rc2 Nh5 33. Rc3 Ng3 34. Kg1 g5 35. Rc2 h5 36. Ra2 g4 37. Nc3 Rfb8 38. Be2 gxh3 39. gxh3 h4 40. Bf1 Ra7 41. Bg2 Nh5 42. Kh2 Nf6 43. Bf1 Kh7 44. Be2 Ne8 45. Bd1 Nc7 46. Nb1 Rg8 47. Rc2 Ne8 48. Rc3 Rag7 49. Rc2 Rg1 50. Rd2 Re1 51. Nc3 Nc7 52. a4 bxa4 53. Bxa4 Rgg1 54. Rd1 Rxd1 55. Bxd1 Rxd1 56. Nxd1 Nb5 57. Nb2 c3 58. Nd3 Kg7 59. Kg2 Kf7 60. Kf2 Ke7 61. Ke2 Kd7 62. Ne1 Kc7 63. Kd3 1/2-1/2

[Event "Winnipeg TNT August op"]
[Site "Winnipeg CAN"]
[Date "2008.08.12"]
[Round "2"]
[White "Wasserman, Leor"]
[Black "Goodman, Clifford"]
[Result "1-0"]
[WhiteElo "1459"]
[BlackElo "1654"]
[PlyCount "55"]
[GameId "2160767910336833"]
[EventDate "2008.08.05"]
[EventType "swiss"]
[EventRounds "4"]
[EventCountry "CAN"]
[SourceTitle "EXT 2011"]
[Source "ChessBase"]
[SourceDate "2011.11.26"]
[SourceVersion "1"]
[SourceVersionDate "2011.11.26"]
[SourceQuality "1"]

1. e4 g6 2. d4 Bg7 3. Nf3 c6 4. Nc3 d5 5. e5 Bg4 6. Be2 e6 7. Be3 h5 8. h3 Bxf3 9. Bxf3 Nh6 10. Qd2 Nf5 11. g3 Nd7 12. O-O c5 13. dxc5 Nxe5 14. Be2 Nxe3 15. fxe3 Qc7 16. Bb5+ Ke7 17. Qxd5 Rad8 18. Qe4 Qxc5 19. Qxb7+ Nd7 20. Bxd7 Rxd7 21. Rxf7+ Kxf7 22. Qxd7+ Kg8 23. Qxe6+ Kh7 24. Rf1 Qg5 25. Kg2 Be5 26. Qf7+ Kh6 27. Rf3 Rd8 28. Ne4 1-0

[Event "Winnipeg TNT August op"]
[Site "Winnipeg CAN"]
[Date "2008.08.19"]
[Round "3"]
[White "Bince, Rolando"]
[Black "Babb, Jeff"]
[Result "1/2-1/2"]
[WhiteElo "1936"]
[BlackElo "2131"]
[PlyCount "147"]
[GameId "2160767910336834"]
[EventDate "2008.08.05"]
[EventType "swiss"]
[EventRounds "4"]
[EventCountry "CAN"]
[SourceTitle "EXT 2011"]
[Source "ChessBase"]
[SourceDate "2011.11.26"]
[SourceVersion "1"]
[SourceVersionDate "2011.11.26"]
[SourceQuality "1"]

1. e4 d6 2. d4 Nf6 3. Nc3 g6 4. Bg5 c6 5. Qd2 h6 6. Bf4 b5 7. f3 b4 8. Na4 a5 9. c4 bxc3 10. Nxc3 Bg7 11. Bc4 Nfd7 12. Be3 Nb6 13. Bd3 Ba6 14. Bxa6 Nxa6 15. b3 a4 16. Nge2 axb3 17. axb3 Nd7 18. O-O Qb6 19. Rfb1 h5 20. d5 c5 21. b4 Qd8 22. b5 Nb4 23. f4 O-O 24. Rxa8 Qxa8 25. Qd1 Qb7 26. Bf2 Ra8 27. Ra1 Rxa1 28. Qxa1 Qxb5 29. Qa8+ Qb8 30. Qxb8+ Nxb8 31. Nb5 Nd7 32. Be1 Nc2 33. Bc3 Nf6 34. Bxf6 Bxf6 35. Kf2 Kf8 36. h3 Ke8 37. g4 hxg4 38. hxg4 Kd7 39. Kf3 Nb4 40. Ke3 e6 41. Nec3 exd5 42. exd5 Bxc3 43. Nxc3 f5 44. g5 Nc2+ 45. Kd3 Nd4 46. Nd1 Kc7 47. Ne3 Kd7 48. Nc4 Ke7 49. Ne3 Nb5 50. Nc2 Nc7 51. Kc4 Ne8 52. Ne3 Ng7 53. Kb5 Kd7 54. Kc4 Nh5 55. Ng2 Ke7 56. Kc3 Ng3 57. Kc4 Ne4 58. Kd3 Nf2+ 59. Ke2 Ne4 60. Kd3 Ng3 61. Kc4 Ne2 62. Kd3 Nd4 63. Kc4 Nc2 64. Kc3 Na3 65. Kb3 Nb5 66. Kc4 Nc7 67. Ne3 Kf7 68. Ng2 Ke7 69. Nh4 Kf7 70. Ng2 Na6 71. Kb5 Nb4 72. Kc4 Nc2 73. Kc3 Nd4 74. Kd3 1/2-1/2

[Event "Winnipeg TNT August op"]
[Site "Winnipeg CAN"]
[Date "2008.08.19"]
[Round "3"]
[White "Einarsson, Ken"]
[Black "Greenberg, Harley"]
[Result "0-1"]
[WhiteElo "1679"]
[BlackElo "1709"]
[PlyCount "58"]
[GameId "2160767910336835"]
[EventDate "2008.08.05"]
[EventType "swiss"]
[EventRounds "4"]
[EventCountry "CAN"]
[SourceTitle "EXT 2011"]
[Source "ChessBase"]
[SourceDate "2011.11.26"]
[SourceVersion "1"]
[SourceVersionDate "2011.11.26"]
[SourceQuality "1"]

1. d4 Nf6 2. c4 e6 3. Nc3 c5 4. d5 exd5 5. cxd5 d6 6. e4 g6 7. Nf3 Bg7 8. Be2 O-O 9. O-O a6 10. Re1 b5 11. Qc2 Bd7 12. a3 Bg4 13. h3 Bxf3 14. Bxf3 Nbd7 15. Bf4 Nb6 16. Rad1 Nc4 17. Be2 Nxb2 18. Qxb2 Nxe4 19. Bd2 Qf6 20. Bf3 Nxc3 21. Bxc3 Qxc3 22. Qxc3 Bxc3 23. Re3 b4 24. axb4 cxb4 25. Kf1 Rfe8 26. Ke2 a5 27. Kd3 a4 28. Kc2 Rxe3 29. fxe3 a3 0-1

[Event "Winnipeg TNT August op"]
[Site "Winnipeg CAN"]
[Date "2008.08.19"]
[Round "3"]
[White "Goodman, Clifford"]
[Black "Mandusic, Ante"]
[Result "1-0"]
[WhiteElo "1654"]
[BlackElo "1301"]
[PlyCount "109"]
[GameId "2160767910336836"]
[EventDate "2008.08.05"]
[EventType "swiss"]
[EventRounds "4"]
[EventCountry "CAN"]
[SourceTitle "EXT 2011"]
[Source "ChessBase"]
[SourceDate "2011.11.26"]
[SourceVersion "1"]
[SourceVersionDate "2011.11.26"]
[SourceQuality "1"]

1. f4 d5 2. b3 Nf6 3. Bb2 Nbd7 4. Nf3 g6 5. e3 Bg7 6. Be2 O-O 7. O-O b6 8. Bb5 a6 9. Bxd7 Bxd7 10. Ne5 Bf5 11. d3 c5 12. Nd2 a5 13. Rb1 Qd6 14. g4 Be6 15. g5 Nd7 16. Nxd7 Qxd7 17. Bxg7 Kxg7 18. Qe1 h5 19. gxh6+ Kh7 20. Nf3 f6 21. Rd1 Bh3 22. Rf2 Qg4+ 23. Kh1 Rg8 24. Qg1 Qh5 25. Qg3 Bg4 26. Rg1 f5 27. Ne5 Bh3 28. Qg5 Rae8 29. Nf7 Bg4 30. Qxh5 gxh5 31. Ng5+ Kg6 32. h3 Bxh3 33. Nxh3+ Kxh6 34. Rxg8 Rxg8 35. Rg2 Rf8 36. Rg5 e6 37. Kg2 e5 38. Kg3 Kh7 39. Rxh5+ Kg7 40. Ng5 Kf6 41. Nh7+ Ke7 42. Nxf8 Kxf8 43. Rh7 Kg8 44. Rb7 exf4+ 45. Kxf4 d4 46. exd4 cxd4 47. Kxf5 a4 48. Kg6 Kf8 49. b4 a3 50. b5 Ke8 51. Kf6 Kd8 52. Ke6 Kc8 53. Rg7 Kd8 54. Rh7 Ke8 55. Rh8# 1-0

[Event "Winnipeg TNT August op"]
[Site "Winnipeg CAN"]
[Date "2008.08.19"]
[Round "3"]
[White "Green, Aaron"]
[Black "Swift, Ryne"]
[Result "1-0"]
[WhiteElo "1715"]
[BlackElo "1425"]
[PlyCount "107"]
[GameId "2160767910336837"]
[EventDate "2008.08.05"]
[EventType "swiss"]
[EventRounds "4"]
[EventCountry "CAN"]
[SourceTitle "EXT 2011"]
[Source "ChessBase"]
[SourceDate "2011.11.26"]
[SourceVersion "1"]
[SourceVersionDate "2011.11.26"]
[SourceQuality "1"]

1. e4 e5 2. Nf3 Nc6 3. Bb5 a6 4. Bxc6 dxc6 5. O-O f6 6. d4 exd4 7. Nxd4 c5 8. Nb3 Qxd1 9. Rxd1 Bg4 10. f3 Bd7 11. Bf4 O-O-O 12. Nc3 b6 13. Nd5 Ne7 14. Nxc7 a5 15. Nd5 Nxd5 16. Rxd5 Bc6 17. Rxd8+ Kxd8 18. Rd1+ Kc8 19. c4 Be7 20. Nc1 Rd8 21. Rxd8+ Kxd8 22. b3 Kd7 23. a4 Bd6 24. Nd3 Ke6 25. Bxd6 Kxd6 26. Kf2 g5 27. g4 Ke6 28. Ke3 h6 29. Nf2 Be8 30. Nh1 Bg6 31. Nf2 Be8 32. Nd3 Bc6 33. Ne1 Bd7 34. Ng2 Be8 35. h3 Bf7 36. h4 Be8 37. h5 Bf7 38. Ne1 Be8 39. Nd3 Bc6 40. Nc1 Kf7 41. Ne2 Ke6 42. Ng3 Be8 43. Nf5 Kf7 44. Nxh6+ Kg7 45. Nf5+ Kf7 46. Kd3 Kf8 47. Ne3 Bc6 48. Nd5 Kg7 49. Nxb6 Kh6 50. Nd5 Kg7 51. e5 fxe5 52. Ke4 Be8 53. Kxe5 Bf7 54. Nf6 1-0